高中英文單字邏輯記憶法
| 資料類型: | 圖書 | 書目號: | 31654 |
Leader xxxxxxxxxx 001 __ 85051766 005 __ 19960815185202.0 008 __ chi 010 0_ |a9577100333|b平裝|dNT﹩260 100 __ |a19940915d1993 bb 1chiy0109 e. 101 __ |a 102 __ |acw. 105 __ |ayyyyzzzz000yy. 200 1_ |a高中英文單字邏輯記憶法|e|f黎學智著. 205 __ |a初版. 210 __ |a臺北市|c笛籐|d民82. 215 0_ |a305面|c|d21公分. 225 __ |a|v 260 1_ |a1993. 681 __ |a805.1. 700 _1 |a黎|b學智|4著. 702 __ |a|b|4 |